000 00686nam a2200253Ia 4500
003 OSt
005 20221007104352.0
006 a|||||r|||| 00| 0
007 ta
008 221006b |||||||| |||| 00| 0 eng d
020 _a9781841133720
024 _a15,656
037 _cTextual
040 _aLCO
_cLCO
_beng
041 _2eng
_aeng
082 _aV1:5, P7
100 _aPalmer Ellie
_9697790
245 0 _aJudicial Review, Socio-Economic Rights and the Human Rights Act
260 _aPortland
_bHart Publishing USA
_c2007
300 _a345
650 _aHUMAN RIGHTS ACT
_9706028
942 _hV1:5, P7
_cTEXL
999 _c1185219
_d1185219